Taylor Swift - Devine la chanson sans indices #72 - Statistiques

Statistiques générales
  • Ce quiz a été pris 187 fois
  • Le résultat moyen est 168 sur 281
Statistiques - réponses
Réponse % Correct
I
100%
you
96%
You
96%
the
88%
to
88%
me
86%
be
84%
your
84%
is
82%
do
81%
in
81%
my
81%
that
81%
it
78%
this
78%
This
78%
you're
78%
You're
78%
You’re
78%
And
77%
so
74%
I'm
73%
but
72%
But
72%
no
71%
no,
71%
No,
71%
(no)
71%
was
71%
can
70%
for
68%
of
68%
don't
67%
Don't
67%
Like
66%
time
66%
All
65%
all
65%
it's
65%
know
65%
not
64%
did
60%
have
60%
would
58%
tell
57%
Cause
55%
up
54%
been
51%
last
51%
had
50%
if
50%
If
50%
I've
50%
sorry
48%
sorry,
48%
never
47%
loved
46%
won't
44%
call
43%
got
42%
now
42%
didn't
41%
wanna
39%
anymore
38%
come
38%
out
38%
Could've
37%
life
37%
Baby
36%
baby
36%
before
35%
believe
35%
phone
35%
pick
34%
every
33%
down
32%
there's
32%
would've
31%
we'll
30%
hurt
29%
gone
27%
let
27%
around
26%
left
26%
straw
24%
thinking
24%
waiting
24%
long
21%
hadn't
19%
nothing
19%
again
18%
being
17%
asking
16%
fine
16%
tired
16%
each
15%
honey
15%
Hoping
15%
beg
14%
cold
14%
might
14%
looking
13%
used
13%
watched
13%
away,
12%
innocent
12%
listen
12%
secrets
12%
taking
12%
worked
12%
figured
11%
wasting
10%
bright
9%
chances
9%
fade
9%
giving
9%
shine
9%
share
8%
crawling
4%
Aucun quiz correspondant
Distribution des résultats
% des personnes avec chaque résultat
Percentile par nombre de réponses
Votre historique - résultats
Vous n’avez pas pris ce quiz